Performance of Start-ups

Koncept výkonnosti a prístupy k meraniu výkonnosti. Ukazovatele výkonnosti a faktory úspešnosti start-upov. Vybrané ukazovatele výkonnosti start-upov na Slovensku.

Na minha lista:
Detalhes bibliográficos
Autor principal: Bobenič Hintošová, Aneta, 1979-
Outros Autores: Bruothová, Michaela, 1979-
Formato: Capítulo de Livro
Idioma:inglês
Assuntos:
Tags: Adicionar Tag
Sem tags, seja o primeiro a adicionar uma tag!

MARC

LEADER 00000naa$a2200000$$$4500
001 0210055
005 20240502083524.4
041 0 |a eng 
044 |a BG 
245 1 0 |a Performance of Start-ups  |c Aneta Bobenič Hintošová, Michaela Bruothová 
520 |a Koncept výkonnosti a prístupy k meraniu výkonnosti. Ukazovatele výkonnosti a faktory úspešnosti start-upov. Vybrané ukazovatele výkonnosti start-upov na Slovensku. 
610 2 0 |a výkonnosť podniku 
610 2 0 |a start-up 
610 2 0 |a analýza faktorová 
610 2 0 |a ukazovatele efektívnosti 
100 1 |a Bobenič Hintošová, Aneta, 1979- 
700 1 |a Bruothová, Michaela, 1979-